000 00641nam a2200169 i 4500
001 185106
003 ES-MaACL
005 20250823063129.0
008 160322s1917 sp |||| | spa d
100 1 _aEza, Luis Marichalar y Monreal,
_cVizconde de,
_d1873-1945
_976705
245 1 4 _aLos dos grandes postulados de la economia agraria /
_cpor el Vizconde de Eza.
260 _aMadrid :
_b[s.n.],
_c1917 (
_fImp. de Bernardo Rodríguez)
300 _a13 p. ;
_c25 cm.
595 _aSeparata de: "La Revista Quincenal", año I, número I.- Barcelona, 10 de enero de 1917.
852 _aES-MaACL
_j1507-F-3
999 _c185106
_d185106